Deutschrapper Namen #4 - Statistiken

Allgemein
  • Dieses Quiz wurde 107 mal gespielt
  • Das Durchschnittsergebnis liegt bei 6 aus 16
Antwortstatistiken
Bürgerlicher Name Künstlername % Korrekt
Barbara Schirin Davidavicius Shirin David
92%
Farid El Abdellaoui Farid Bang
86%
Dardan Mushkolaj Dardan
85%
Savas Yurderi Kool Savas
62%
Ufuk Bayraktar Ufo361
61%
Yassine Baybah Miami Yacine
39%
Can David Bayram Pashanim
29%
Amir Israil Aschenberg Asche
21%
Nils Wehowsky Finch
16%
Benjamin Griffey Casper
15%
Pierre Baigorry Peter Fox
15%
Lukas Strobel Alligatoah
12%
Vincente de Teba Költerhoff Frauenarzt
10%
Marc Schneider Manny Marc
9%
Tim Weitkamp Timi Hendrix
4%
Manuel Marc Jungclaussen Sierra Kidd
3%
Keine übereinstimmenden Quizze gefunden
Verteilung der Resultate
Anzahl Personen mit jedem Resultat
Perzentil nach korrekt beantworteten Fragen
Ihre Resultats-Entwicklung
Sie haben dieses Quiz noch nicht gespielt